Antenna Wave Propogation and TV Engineering / (Record no. 189249)
[ view plain ]
| 000 -LEADER | |
|---|---|
| fixed length control field | 00776 a2200193 4500 |
| 003 - CONTROL NUMBER IDENTIFIER | |
| control field | Nust |
| 005 - DATE AND TIME OF LATEST TRANSACTION | |
| control field | 20230105163254.0 |
| 020 ## - INTERNATIONAL STANDARD BOOK NUMBER | |
| International Standard Book Number | 9789350141540 |
| 040 ## - CATALOGING SOURCE | |
| Transcribing agency | Nust |
| 082 ## - DEWEY DECIMAL CLASSIFICATION NUMBER | |
| Classification number | 621.3824,GAU |
| 100 ## - MAIN ENTRY--PERSONAL NAME | |
| Personal name | Dr. A.K. Gautam |
| 9 (RLIN) | 106769 |
| 245 ## - TITLE STATEMENT | |
| Title | Antenna Wave Propogation and TV Engineering / |
| Statement of responsibility, etc. | Dr. A.K. Gautam |
| 250 ## - EDITION STATEMENT | |
| Edition statement | 1st ed. |
| 260 ## - PUBLICATION, DISTRIBUTION, ETC. | |
| Place of publication, distribution, etc. | Daryaganj Delhi |
| Name of publisher, distributor, etc. | S.K Kataria and sons |
| Date of publication, distribution, etc. | 2011 |
| 300 ## - PHYSICAL DESCRIPTION | |
| Extent | xiii,490p. |
| 505 ## - FORMATTED CONTENTS NOTE | |
| Formatted contents note | Electromagnetic Field Radiation (Page 1-47), Antenna Terminology (Page 48-117), Antenna Arrays (Page 118-198), Practical Antennas (Page 199-295), Propagation (Page 296-383), Television System (Page 384-408). Multipul Choice Questions (Page 409-427), Appendices (Page 429-481). |
| 650 ## - SUBJECT ADDED ENTRY--TOPICAL TERM | |
| Topical term or geographic name entry element | Telecommunication Engineering |
| 942 ## - ADDED ENTRY ELEMENTS (KOHA) | |
| Source of classification or shelving scheme | |
| Koha item type | Book |
| Withdrawn status | Lost status | Source of classification or shelving scheme | Damaged status | Not for loan | Permanent Location | Current Location | Shelving location | Date acquired | Full call number | Barcode | Date last seen | Price effective from | Koha item type | Public note |
|---|---|---|---|---|---|---|---|---|---|---|---|---|---|---|
| Military College of Signals (MCS) | Military College of Signals (MCS) | General Stacks | 12/12/2016 | 621.3824,GAU | MCS35027 | 12/08/2016 | 12/12/2016 | Book | Almirah No.37, Shelf No.4 |
